| 000 | 00875nam a2200253 i 4500 | ||
|---|---|---|---|
| 999 |
_c176968 _d176968 |
||
| 005 | 20200317130917.0 | ||
| 008 | 200317s2019 my a|||e|6||| 00| 0 may | ||
| 020 |
_a9789830977652 _cRM 10.00 _qpaperback |
||
| 040 |
_aPPAK _beng _cPPAK _erda |
||
| 082 |
_a741.5 _223 |
||
| 090 |
_a741.5 _bABE _dG |
||
| 100 | 0 |
_aAbeMat Usul, _eauthor. |
|
| 245 | 1 | 0 |
_aKita Saling Memerlukan : _bOn The Way / _c AbeMat Usul & BaMan ; Editor: Noraina Noraini |
| 264 | 1 |
_aPetaling Jaya, Selangor : _bGaleri Ilmu Sdn Bhd, _c2019 |
|
| 300 |
_aiv, 121 pages : _b illustrations ; _c20 cm |
||
| 336 |
_2rdacontent _atext |
||
| 337 |
_2rdamedia _aunmediated |
||
| 338 |
_2rdacarrier _avolume |
||
| 650 | 1 | 0 | _a Comic books, strips, etc. |
| 650 | 2 | 0 |
_aComic books, strips, etc. _xReligious aspects _xIslam |
| 700 | 0 |
_a Baman, _d1995- _eauthor. |
|
| 700 | 0 |
_a Noraina Norani, _eeditor. |
|
| 942 |
_2ddc _cB |
||